Transistor circuit design (Record no. 23504)

000 -LEADER
fixed length control field 00584nam a22002171 4500
001 - CONTROL NUMBER
control field 23504
003 - CONTROL NUMBER IDENTIFIER
control field BD-DhUET
008 - FIXED-LENGTH DATA ELEMENTS--GENERAL INFORMATION
fixed length control field 721219s1963 nyua b 000 0 eng
040 ## - CATALOGING SOURCE
Original cataloging agency DLC
Transcribing agency DLC
Modifying agency BD-DhUET
082 ## - DEWEY DECIMAL CLASSIFICATION NUMBER
Classification number 623.8151
Item number TEX/1963
110 ## - MAIN ENTRY--CORPORATE NAME
Corporate name or jurisdiction name as entry element Texas Instruments Incorporated
245 10 - TITLE STATEMENT
Title Transistor circuit design
250 ## - EDITION STATEMENT
Edition statement 1st ed.
260 ## - PUBLICATION, DISTRIBUTION, ETC. (IMPRINT)
Place of publication, distribution, etc. New York
Name of publisher, distributor, etc. McGraw-Hill
Date of publication, distribution, etc. 1963
300 ## - PHYSICAL DESCRIPTION
Extent xi, 523 p.
Other physical details ill.
Dimensions 26 cm.
504 ## - BIBLIOGRAPHY, ETC. NOTE
Bibliography, etc Includes bibliographies
650 #0 - SUBJECT ADDED ENTRY--TOPICAL TERM
Topical term or geographic name as entry element Transistor : Electronics
700 ## - ADDED ENTRY--PERSONAL NAME
Personal name Walston, Joseph A.
700 ## - ADDED ENTRY--PERSONAL NAME
Personal name Miller, John R.
942 ## - ADDED ENTRY ELEMENTS (KOHA)
Koha item type Corporate Publication
Holdings
Lost status Withdrawn status Location (home branch) Date acquired Price effective from Source of classification or shelving scheme Not for loan Koha full call number Piece designation (barcode) Copy number Shelving location Damaged status Koha date last seen Sublocation or collection (holding branch) Koha normalized classification for sorting Koha item type
  Central Library, BUET2015-05-042015-05-04  623.8151/TEX/1963 306101Circulation section 2015-05-04Central Library, BUET623_815100000000000_TEX_1963Corporate Publication
  Central Library, BUET2015-05-042015-05-04  623.8151/TEX/1963306072Circulation section 2015-05-04Central Library, BUET623_815100000000000_TEX_1963Corporate Publication
  Central Library, BUET2015-05-042015-05-04  623.8151/TEX/1963 306123Circulation section 2015-05-04Central Library, BUET623_815100000000000_TEX_1963Corporate Publication
  Central Library, BUET2015-05-042015-05-04  623.8151/TEX/1963306134Circulation section 2015-05-04Central Library, BUET623_815100000000000_TEX_1963Corporate Publication
  Central Library, BUET2015-05-042015-05-04  623.8151/TEX/1963 266875Circulation section 2015-05-04Central Library, BUET623_815100000000000_TEX_1963Corporate Publication
  Central Library, BUET2015-05-072015-05-07  623.8151/TEX/1963306086Circulation section 2015-05-07Central Library, BUET623_815100000000000_TEX_1963Corporate Publication
  Central Library, BUET2015-05-072015-05-07  623.8151/TEX/1963306067Circulation section 2015-05-07Central Library, BUET623_815100000000000_TEX_1963Corporate Publication
  Central Library, BUET2015-05-072015-05-07  623.8151/TEX/1963306098Circulation section 2015-05-07Central Library, BUET623_815100000000000_TEX_1963Corporate Publication
  Central Library, BUET2015-06-252015-06-25  623.8151/TEX/1963306049Reading section 2015-06-25Central Library, BUET623_815100000000000_TEX_1963Corporate Publication
  Central Library, BUET2015-06-252015-06-25  623.8151/TEX/1963996810Reading section 2015-06-25Central Library, BUET623_815100000000000_TEX_1963Corporate Publication
  Central Library, BUET2015-06-252015-06-25  623.8151/TEX/19633060511Reading section 2015-06-25Central Library, BUET623_815100000000000_TEX_1963Corporate Publication